Statistics for Movies by Pictures of the Villains

Click here to take the quiz!

General Stats

  • This quiz has been taken 4,120 times
    (3,636 since last reset)
  • The average score is 15 of 20

Answer Stats

Answer% Correct
Star Wars
99%
Jurassic Park
90%
Batman
88%
The Matrix
85%
Terminator
84%
The Wizard of Oz
83%
The Avengers: Infinity War
79%
The Silence of the Lambs
79%
Karate Kid
78%
Gladiator
77%
Beauty and the Beast
75%
Mean Girls
75%
Toy Story 3
72%
Predator
70%
Django Unchained
63%
Back to the Future
61%
Psycho
61%
No Country for Old Men
57%
2001: A Space Odyssey
50%
Dodgeball
50%

Score Distribution

Percentile by Number Answered

Percent of People with Each Score

Your Score History

You have not taken this quiz since the last reset